| Tag |
First Indicator |
Second Indicator |
Subfields |
| LEADER |
00000cam a2200000 4500 |
| 001 |
in00000683074 |
| 005 |
20161213104252.0 |
| 008 |
700319r19691911nyua 00001 eng |
| 010 |
|
|
|a 70092742
|
| 020 |
|
|
|a 0837120667
|
| 035 |
|
|
|a (OCoLC)00063422
|
| 035 |
|
|
|9 ACZ6856AM
|
| 040 |
|
|
|a DLC
|c DLC
|d TXA
|d UtOrBLW
|
| 049 |
|
|
|a TXAM
|c [850432]
|
| 050 |
0 |
0 |
|a PZ3.D8525
|b Q7
|a PS3507.U147
|
| 090 |
|
|
|a PS3507.U147
|b Q47 1969
|
| 100 |
1 |
|
|a Du Bois, W. E. B.
|q (William Edward Burghardt),
|d 1868-1963.
|
| 245 |
1 |
4 |
|a The quest of the silver fleece ;
|b a novel /
|c Illustrated by H. S. DeLay.
|
| 264 |
|
1 |
|a New York :
|b Negro Universities Press,
|c [1969]
|
| 300 |
|
|
|a 434 pages :
|b illustrations ;
|c 23 cm.
|
| 336 |
|
|
|a text
|b txt
|2 rdacontent
|
| 337 |
|
|
|a unmediated
|b n
|2 rdamedia
|
| 338 |
|
|
|a volume
|b nc
|2 rdacarrier
|
| 500 |
|
|
|a Reprint of the 1911 edition.
|
| 999 |
|
|
|a MARS
|
| 999 |
f |
f |
|s b0c4d144-a25a-38f1-9f18-a323b9da8e5e
|i a0cc976b-6507-370e-a7cf-f8e3ccc8faff
|t 0
|
| 952 |
f |
f |
|p ric
|a Texas A&M University
|b Rellis Campus
|c Joint Library Facility
|d Remote Storage
|t 0
|e PS3507.U147 Q47 1969
|h Library of Congress classification
|i unmediated -- volume
|m A14804222790
|
| 998 |
f |
f |
|a PS3507.U147 Q47 1969
|t 0
|l Remote Storage
|